Force et faiblesses de la famille

Gespeichert in:
Bibliographische Detailangaben
1. Verfasser: Lacroix, Jean (VerfasserIn)
Format: Buch
Sprache:Französisch
Veröffentlicht: París Du Seuil 1948
Schlagworte:
Tags: Tag hinzufügen
Keine Tags, Fügen Sie den ersten Tag hinzu!

MARC

LEADER 00000nam a2200000 a 4500
001 UCR0123
003 CL-VaPUC
008 971129e19480000FR |||||||||||||||||fre|d
082 0 4 |a 306.85  |b LAC  |2 21 
100 |a Lacroix, Jean  |e author  |9 575686 
245 1 0 |a Force et faiblesses de la famille 
300 |a 190 p 
942 |c BK 
945 |d 19971129 00:00:00  |a cmena 
260 |a París  |b Du Seuil  |c 1948 
650 0 |a Familias   |9 255641 
650 0 |a Sociología   |9 255410 
650 7 |a EDUCACION FAMILIAR  |2 CL-VaPUC  |9 309569 
650 0 |a Filosofía   |9 223554 
650 0 |a Vida familiar  |9 308049 
650 0 |a Muerte  |9 265114 
650 0 |a Ideologías  |9 255200 
650 7 |a FACTORES SOCIALES  |2 CL-VaPUC  |9 330933 
583 |a last modification  |c 19971129 00:00:00  |k Rodrigo Vera 
999 |c 263775  |d 263773 
952 |0 0  |1 0  |4 0  |6 306_850000000000000_LAC_1948  |7 0  |8 DER_TF  |9 293246  |a BIBDER  |b BIBDER  |d 2019-11-19  |i 1907506  |o 306.85 LAC 1948  |p 1907506  |r 2023-01-25  |w 2019-11-19  |x Ubicación 4to Piso  |y BK  |z Estos recursos deben solicitarse con anticipación  |k DER